000 00396nam a2200157Ia 4500
008 210210b2004 xxu||||| |||| 00| 0 eng d
020 _a81 261 0643 3
082 _a574.87 SUNC
100 _aSUNDARA RAJAN (S).
245 _aCytology.
260 _aNew Delhi
_bAnmol Publications Pvt. Ltd.
_c2004
300 _avii,291
650 _aCell Biology
690 _aCell Biology
906 _a061474
999 _c108268
_d108268